Statistics for Answers Contain Saint Quiz

Click here to take the quiz!

General Stats

  • This quiz has been taken 28,140 times
    (19,690 since last reset)
  • The average score is 11 of 20

Answer Stats

Clue Answer % Correct
Santa ClausSaint Nicholas
95%
Very large dog breedSaint Bernard
94%
Patron saint of IrelandSaint Patrick
87%
Biggest metro area in MissouriSaint Louis
70%
The first popeSaint Peter
67%
Cascade volcano that erupted in 1980Mount St. Helens
67%
London's tallest cathedralSaint Paul's
64%
November 1 holidayAll Saints' Day
62%
What LDS means to a MormonLatter Day Saints
61%
He slew the dragonSaint George
59%
Location of the world's oldest golf courseSaint Andrews
52%
Capital of NewfoundlandSt. John's
44%
Seaway that connects the Great Lakes
to the Atlantic Ocean
St. Lawrence
42%
French luxury brandYves Saint Laurent
36%
Caribbean island that
is half French, half Dutch
Saint Martin
35%
Paris's top soccer teamSaint-Germain
30%
Oldest city in the United StatesSaint Augustine
29%
Patron saint of lost causesSaint Jude
26%
Most populous of the U.S. Virgin IslandsSaint Thomas
26%
December 26 holidaySt. Stephen's Day
24%

Score Distribution

Percentile by Number Answered

Percent of People with Each Score

Your Score History

You have not taken this quiz since the last reset